Il était une fois notre Terre - série d'animation - Statistiques

Statistiques générales
  • Ce quiz a été pris 13 fois
  • Le résultat moyen est 11 sur 25
Statistiques - réponses
Hint Réponse % Correct
Lxs fxmmxs dxns lx mxndx Les femmes dans le monde
91%
Xt dxmxxn ? Et demain ?
82%
Lx fxrxt xmxzxnxxnnx La forêt amazonienne
82%
L'xxx prxcxxxsx xn xnde L'eau précieuse en Inde
82%
Lx cxmmxrcx xqxxtxble Le commerce équitable
82%
Clxmxt, lxs sxlxtxxns Climat, les solutions
64%
Xnxrgxx, dxs sxlxtxxns Energie, des solutions
55%
Lx bxxdxvxrsxtx La biodiversité
55%
Lx Mxxsxn xt lx Vxllx La Maison et la Ville
55%
Lx pxchx xbxsxvx La pêche abusive
55%
L'xxx prxcxxxsx xaxx xe xoxxe L'eau précieuse dans le monde
55%
Clxmxt : xrxgxnxs Climat : Origines
45%
Lxs xcxsxstxmxs Les écosystèmes
45%
Lxs hxrxtxxrs dx lx plxnxtx Les héritiers de la planète
45%
Xox éxexxiex x'éxuixexx Nos énergies s'épuisent
45%
Xoxexx xu xoxxe Forêts du monde
27%
X'Axxixuxxuxe L'Agriculture
27%
X'eau xxexieuxe xu xaxex L'eau précieuse du Sahel
27%
Xxixax, xex exxexx Climat, les effets
18%
xxixax : xe xxaxx xoxx Climat : le Grand Nord
9%
Xa xex xouxexxe La mer poubelle
9%
Xe xexyxxaxe Le recyclage
9%
Xaxxé, éxuxaxiox Santé, éducation
9%
Xexxxoxoxiex Technologies
9%
Exxaxxx au xxaxaix, exxxaxxx xoxxaxx Enfants au travail, enfants soldats
0%
Aucun quiz correspondant
Distribution des résultats
% des personnes avec chaque résultat
Percentile par nombre de réponses
Votre historique - résultats
Vous n’avez pas pris ce quiz